| 000 | 00844nam a2200241Ia 4500 | ||
|---|---|---|---|
| 003 | Ost | ||
| 005 | 20260507074851.0 | ||
| 008 | 260507s9999||||xx |||||||||||||| ||und|| | ||
| 020 | _a9773790413 | ||
| 040 | _cfsecg | ||
| 041 | _aara | ||
| 082 | _a350 | ||
| 100 |
_aالصيرفي، محمد _eمؤلف |
||
| 245 | 0 |
_aالإدارة الإلكترونية / _c محمد الصيرفي |
|
| 260 |
_aالاسكندرية: _bدار الفكر الجامعي, _c2006 |
||
| 300 |
_a802 صفحة؛ _bإيضاحات ؛ _c25 سم |
||
| 504 | _aمراجع ص.789 | ||
| 520 | _aالحكومة الالكترونية، الأعمال الالكترونية، التسويق الالكتروني | ||
| 653 | _aالادارة | ||
| 653 | _aالإدارة- الأجهزة الإلكترونية | ||
| 653 | _aالحكومات | ||
| 942 | _cكتاب | ||
| 999 |
_c41573 _d41573 |
||